000
00286 a2200121 4500
000
nam a22 7a 4500
005
20260211160216.0
020
_a
9789360862848
100
_a
Kailash Satyarthi
_9
1115317
245
_a
Diyasalai
260
_b
Rajkamal Prakashan
_c
2025
942
_c
TEXL
999
_c
1679378
_d
1679378